Finis le titre de la chanson #21 - Statistiques

Statistiques générales
  • Ce quiz a été pris 196 fois
  • Le résultat moyen est 13 sur 30
Statistiques - réponses
Artistes Chanson Réponse % Correct
Shakira "Waka..." Waka
98%
PSY "Gangnam..." Style
95%
Black Eyed Peas "I Gotta..." Feeling
87%
The Weather Girls "It's Raining..." Men
74%
Eminem "The Real Slim..." Shady
74%
Silentó "Watch..." Me
72%
The Chainsmokers, Daya "Don't Let Me..." Down
66%
Bruno Mars "24K..." Magic
65%
Lou Bega "Mambo No..." 5
62%
Lynyrd Skynyrd "Sweet Home..." Alabama
53%
The Weeknd "Can't Feel My..." Face
51%
Kesha "We R Who We..." R
44%
Ariana Grande "the boy is..." Mine
43%
Elvis Presley "Jailhouse..." Rock
43%
Beyoncé "TEXAS..." HOLD 'EM
40%
Nekfeu "Nique les..." Clones
39%
David Guetta, Nicki Minaj, Bebe Rexha, Afrojack "Hey..." Mama
38%
Rihanna "Love On The..." Brain
33%
Billie Eilish "bury a..." Friend
31%
Pierre Garnier "Nous on..." Sait
31%
Zay Hilfigerrr, Zayion McCall "Juju on That..." Beat
25%
BTS "FAKE..." LOVE
25%
Maroon 5, Kendrick Lamar "Don't Wanna..." Know
18%
Eva, Lartiste "On..." Fleek
17%
Yolanda Be Cool, DCUP "We No Speak..." Americano
16%
Elton John, Britney Spears "Hold Me..." Closer
16%
Nicki Minaj "Va Va..." Voom
12%
The Pussycat Dolls "I Hate This..." Part
11%
Doja Cat "Agora..." Hills
10%
Selena Gomez "Single..." Soon
10%
Aucun quiz correspondant
Distribution des résultats
% des personnes avec chaque résultat
Percentile par nombre de réponses
Votre historique - résultats
Vous n’avez pas pris ce quiz